| 000 | 00515ntaaa2200193 4500 | ||
|---|---|---|---|
| 003 | 01 | ||
| 005 | 20251027202909.0 | ||
| 008 | 0714s1973 ag 01 | ||
| 040 |
_aAR-BaBN _bspa _cAR-BaBN _eaacr _dRIC |
||
| 082 | _a922.8000 Es1 | ||
| 100 |
_aEscobar, Samuel E _929402 |
||
| 245 | _aDel hampa al púlpito | ||
| 250 | _a1 ed. | ||
| 260 |
_aBuenos Aires : _bJunta Bautista de Publicaciones, _cc1962 |
||
| 300 | _a103 p | ||
| 650 |
_aVaus, Jim-biografía _929403 |
||
| 650 |
_abiografía-Vaus, Jim _929404 |
||
| 942 | _cBK | ||
| 999 |
_c24238 _d24238 |
||